[Event "ENCI Limburg-open A"]
[Site "Maastricht"]
[Date "2008.05.11"]
[Round "5"]
[White "Monroy, Charles"]
[Black "Nijboer, Friso"]
[Result "1/2-1/2"]
[WhiteElo "2399"]
[BlackElo "2558"]
[PlyCount "104"]
[EventDate "2008.05.09"]
[EventType "swiss"]
[EventRounds "7"]
[EventCountry "NED"]
[Source "P.Boonen"]
[SourceDate "2010.01.01"]

1. Nf3 f5 2. d4 Nf6 3. g3 g6 4. Bg2 Bg7 5. O-O O-O 6. c4 d6 7. b3 e5 8. dxe5
dxe5 9. Nc3 e4 10. Ng5 Ng4 11. Qxd8 Rxd8 12. Bb2 Bf6 13. h3 Rd2 14. Na4 Rxb2
15. Nxb2 Nh6 16. Nxe4 Bxb2 17. Rad1 Nf7 18. Rd2 Bg7 19. Nc5 c6 20. Rfd1 Bf8 21.
Rd8 Nxd8 22. Rxd8 Kg7 23. Rxc8 Bxc5 24. Rc7+ Kf6 25. Rxb7 a5 26. g4 h6 27. e3
fxg4 28. hxg4 Kg5 29. Bf3 Na6 30. Bxc6 Rb8 31. Rg7 Kf6 32. Rh7 Nb4 33. Be4 Re8
34. Bb1 Rd8 35. Kg2 Rd2 36. Kg3 Rb2 37. Be4 Nxa2 38. Rxh6 Nc3 39. g5+ Kxg5 40.
Rxg6+ Kh5 41. Bf5 Rxb3 42. Rc6 Ne2+ 43. Kh3 Bxe3 44. fxe3 Rxe3+ 45. Kg2 Re5 46.
Bd7 Kg5 47. Ra6 Nd4 48. Rd6 Nf5 49. Bxf5 Rxf5 50. Kg3 Rc5 51. Ra6 Rxc4 52.
Rxa5+ Kf6 1/2-1/2

[Event "ENCI Limburg-open A"]
[Site "Maastricht"]
[Date "2008.05.11"]
[Round "5"]
[White "Nabuurs, Mart"]
[Black "Lehaen, Frank"]
[Result "1-0"]
[WhiteElo "2093"]
[BlackElo "1931"]
[PlyCount "49"]
[EventDate "2008.05.09"]
[EventType "swiss"]
[EventRounds "7"]
[EventCountry "NED"]
[Source "P.Boonen"]
[SourceDate "2010.01.01"]

1. e4 c5 2. Nc3 e6 3. g3 d5 4. exd5 exd5 5. d4 Be6 6. Nge2 Nc6 7. Bg2 Nf6 8.
Bg5 cxd4 9. Nxd4 Bc5 10. Nb3 Bxf2+ 11. Kxf2 Ng4+ 12. Qxg4 Qb6+ 13. Be3 Qxe3+
14. Kxe3 Bxg4 15. Nxd5 O-O-O 16. Kf2 Rhe8 17. Rhe1 Be6 18. Nf4 Bxb3 19. Rxe8
Rxe8 20. Bxc6 bxc6 21. axb3 Re7 22. Re1 Rd7 23. Nd3 f6 24. Re4 Kc7 25. Ke2 1-0

[Event "ENCI Limburg-open A"]
[Site "Maastricht"]
[Date "2008.05.11"]
[Round "5"]
[White "Nijs, Nils"]
[Black "Konijn, Bart"]
[Result "0-1"]
[WhiteElo "2101"]
[BlackElo "2236"]
[PlyCount "72"]
[EventDate "2008.05.09"]
[EventType "swiss"]
[EventRounds "7"]
[EventCountry "NED"]
[Source "P.Boonen"]
[SourceDate "2010.01.01"]

1. d4 d5 2. c4 c6 3. Nc3 Nf6 4. Nf3 e6 5. e3 Nbd7 6. Bd3 Bb4 7. O-O O-O 8. Bd2
Qe7 9. a3 Bd6 10. Qc2 dxc4 11. Bxc4 e5 12. Bd3 Re8 13. dxe5 Nxe5 14. Nxe5 Qxe5
15. f4 Qh5 16. Ne4 Nxe4 17. Bxe4 Be6 18. Rae1 Rad8 19. Kh1 f5 20. Bf3 Qf7 21.
e4 Bc4 22. Rg1 Bb3 23. Qc3 fxe4 24. Bxe4 Be7 25. Qc1 Bh4 26. g3 Rxe4 27. Rxe4
Bd5 28. Rge1 Qf5 29. Qc2 Re8 30. Kg1 Rxe4 31. Rxe4 Bxe4 32. Qb3+ Bd5 33. Qe3
Bd8 34. Qxa7 Qe4 35. Kf2 Qf3+ 36. Ke1 Bc4 0-1

[Event "ENCI Limburg-open A"]
[Site "Maastricht"]
[Date "2008.05.11"]
[Round "5"]
[White "Pastoor, Ernst Jan"]
[Black "De Freytas, Paul"]
[Result "1-0"]
[WhiteElo "1814"]
[BlackElo "1929"]
[PlyCount "75"]
[EventDate "2008.05.09"]
[EventType "swiss"]
[EventRounds "7"]
[EventCountry "NED"]
[Source "P.Boonen"]
[SourceDate "2010.01.01"]

1. e4 g6 2. f4 Bg7 3. d4 d5 4. e5 h5 5. Bd3 Nh6 6. Nf3 Bg4 7. h3 Bxf3 8. Qxf3
e6 9. Be3 Nf5 10. Bf2 h4 11. Nd2 c6 12. Nb3 Nd7 13. O-O Bf8 14. c4 Be7 15. cxd5
exd5 16. Rfe1 Nf8 17. Rac1 Ne6 18. Qg4 Nh6 19. Qf3 Nf5 20. Qg4 Rh5 21. Bxf5
Rxf5 22. Be3 Qd7 23. Rf1 O-O-O 24. Qe2 Ng7 25. Nc5 Bxc5 26. Rxc5 Kb8 27. Qe1
Rh5 28. Rf3 Qf5 29. Qb4 Rc8 30. Ra5 Qb1+ 31. Kh2 Nf5 32. Bf2 b6 33. Rfa3 Qc1
34. Rxa7 Qxf4+ 35. Kg1 Qc1+ 36. Be1 b5 37. Ra8+ Kc7 38. R3a7+ 1-0

[Event "ENCI Limburg-open A"]
[Site "Maastricht"]
[Date "2008.05.11"]
[Round "5"]
[White "Pham, Toan Thanh"]
[Black "Van Mechelen, Jan"]
[Result "1-0"]
[WhiteElo "2111"]
[BlackElo "2304"]
[PlyCount "63"]
[EventDate "2008.05.09"]
[EventType "swiss"]
[EventRounds "7"]
[EventCountry "NED"]
[Source "P.Boonen"]
[SourceDate "2010.01.01"]

1. e4 e6 2. d4 d5 3. Nc3 Bb4 4. e5 c5 5. a3 Bxc3+ 6. bxc3 Ne7 7. Qg4 O-O 8. Bd3
f5 9. Qg3 b6 10. h4 Ba6 11. Bxa6 Nxa6 12. Qd3 Nb8 13. Ne2 Nbc6 14. Nf4 Qd7 15.
Rh3 cxd4 16. cxd4 Rac8 17. Rg3 Kh8 18. Rb1 Nd8 19. h5 Rc4 20. c3 Rf7 21. Qe2
Qc6 22. Bd2 Qa4 23. Bc1 Nec6 24. Qd2 Na5 25. h6 g6 26. Nxg6+ hxg6 27. Qg5 Qe8
28. Qxg6 Qf8 29. Bg5 Rcc7 30. Bf6+ Rxf6 31. exf6 Rf7 32. Qg7+ 1-0

[Event "ENCI Limburg-open A"]
[Site "Maastricht"]
[Date "2008.05.11"]
[Round "5"]
[White "Richter, Gera"]
[Black "Scheeren, Fred"]
[Result "0-1"]
[WhiteElo "2150"]
[BlackElo "1968"]
[PlyCount "68"]
[EventDate "2008.05.09"]
[EventType "swiss"]
[EventRounds "7"]
[EventCountry "NED"]
[Source "P.Boonen"]
[SourceDate "2010.01.01"]

1. d4 Nf6 2. c4 e6 3. Nf3 b6 4. g3 Bb7 5. Bg2 Bb4+ 6. Bd2 Bxd2+ 7. Nbxd2 O-O 8.
Qc2 d6 9. O-O Nbd7 10. e4 e5 11. Rad1 Qe7 12. Rfe1 a5 13. b3 Nb8 14. Nb1 Nc6
15. Nc3 exd4 16. Nd5 Qd8 17. Nxd4 Nxd4 18. Rxd4 Re8 19. Qd2 h6 20. f4 Bxd5 21.
cxd5 Nd7 22. a3 Nc5 23. Qc3 Qf6 24. b4 axb4 25. axb4 Ra3 26. Qxa3 Qxd4+ 27. Kf1
Nxe4 28. Bxe4 Rxe4 29. Rxe4 Qxe4 30. Qa8+ Kh7 31. Qc6 Qxb4 32. Qxc7 f5 33. Qf7
Qe4 34. h4 Qf3+ 0-1

[Event "ENCI Limburg-open A"]
[Site "Maastricht"]
[Date "2008.05.11"]
[Round "5"]
[White "Ringoir, Guy"]
[Black "Tonoli, Benjamin"]
[Result "0-1"]
[WhiteElo "1941"]
[BlackElo "2190"]
[PlyCount "76"]
[EventDate "2008.05.09"]
[EventType "swiss"]
[EventRounds "7"]
[EventCountry "NED"]
[Source "P.Boonen"]
[SourceDate "2010.01.01"]

1. e4 c5 2. Nc3 Nc6 3. f4 g6 4. Nf3 Bg7 5. Bb5 Nd4 6. O-O a6 7. Bc4 e6 8. d3
Ne7 9. Nxd4 Bxd4+ 10. Kh1 d5 11. Bb3 b5 12. exd5 exd5 13. Ne2 Bg7 14. c3 O-O
15. d4 c4 16. Bc2 Be6 17. a4 Qd7 18. b4 h5 19. a5 Bf5 20. Ng3 Bxc2 21. Qxc2 h4
22. Ne2 Rae8 23. Ng1 Qg4 24. Qf2 Nf5 25. Bd2 f6 26. Rae1 Bh6 27. Qf3 Qxf3 28.
Nxf3 Kf7 29. Rxe8 Rxe8 30. Re1 Rxe1+ 31. Nxe1 Nd6 32. Nf3 Ne4 33. Be1 Bxf4 34.
Nxh4 Bc1 35. Nf3 Bb2 36. g4 Nxc3 37. h4 Ne2 38. g5 Nxd4 0-1

[Event "ENCI Limburg-open A"]
[Site "Maastricht"]
[Date "2008.05.11"]
[Round "5"]
[White "Schleipfenbauer, Frank"]
[Black "Leenaerts, Robin"]
[Result "1-0"]
[WhiteElo "2002"]
[BlackElo "2153"]
[PlyCount "47"]
[EventDate "2008.05.09"]
[EventType "swiss"]
[EventRounds "7"]
[EventCountry "NED"]
[Source "P.Boonen"]
[SourceDate "2010.01.01"]

1. e4 c5 2. Nf3 Nc6 3. d4 cxd4 4. Nxd4 Nf6 5. Nc3 e5 6. Ndb5 d6 7. Bg5 a6 8.
Bxf6 gxf6 9. Na3 b5 10. Nd5 Bg7 11. Bd3 Ne7 12. Nxe7 Qxe7 13. c4 f5 14. cxb5 d5
15. O-O fxe4 16. Be2 Be6 17. Qa4 O-O 18. bxa6 Rfb8 19. Bb5 Bf8 20. Bc6 Rb4 21.
Qa5 Ra7 22. Nb5 Qc5 23. Rac1 Rc4 24. b4 1-0

[Event "ENCI Limburg-open A"]
[Site "Maastricht"]
[Date "2008.05.11"]
[Round "5"]
[White "Schubert, Karl"]
[Black "Morren, Eric Jan"]
[Result "1/2-1/2"]
[WhiteElo "1899"]
[BlackElo "1804"]
[PlyCount "87"]
[EventDate "2008.05.09"]
[EventType "swiss"]
[EventRounds "7"]
[EventCountry "NED"]
[Source "P.Boonen"]
[SourceDate "2010.01.01"]

1. e4 e6 2. d3 d5 3. Nd2 Nf6 4. g3 c5 5. e5 Nfd7 6. f4 Be7 7. Bg2 O-O 8. Ngf3
f6 9. exf6 Nxf6 10. c3 Nc6 11. O-O Bd7 12. Re1 h6 13. Bh3 Qc8 14. Qe2 Kf7 15.
Nf1 Re8 16. Ne5+ Nxe5 17. fxe5 Nh7 18. Qh5+ Kg8 19. Ne3 Ng5 20. Rf1 Rf8 21.
Rxf8+ Qxf8 22. Bg2 Qf7 23. Qxf7+ Nxf7 24. d4 Rf8 25. Bd2 Bb5 26. h4 Nd8 27. Bh3
g5 28. Ng4 h5 29. Nf6+ Bxf6 30. exf6 g4 31. Bf1 Bxf1 32. Rxf1 cxd4 33. cxd4 Nc6
34. Bh6 Rf7 35. Rf4 Kh7 36. Bg5 Kg6 37. a3 Rc7 38. b4 Nd8 39. f7 Nxf7 40. Rf6+
Kg7 41. Rxe6 Nxg5 42. hxg5 Rc1+ 43. Kf2 Rc2+ 44. Kg1 1/2-1/2

[Event "ENCI Limburg-open A"]
[Site "Maastricht"]
[Date "2008.05.11"]
[Round "5"]
[White "Singh, Marcel"]
[Black "Dalemans, Diana"]
[Result "0-1"]
[WhiteElo "1908"]
[BlackElo "1799"]
[PlyCount "92"]
[EventDate "2008.05.09"]
[EventType "swiss"]
[EventRounds "7"]
[EventCountry "NED"]
[Source "P.Boonen"]
[SourceDate "2010.01.01"]

1. e4 c5 2. c3 d5 3. exd5 Qxd5 4. d4 Nc6 5. dxc5 Qxd1+ 6. Kxd1 e6 7. b4 a5 8.
Bb5 Bd7 9. Nf3 axb4 10. Bxc6 Bxc6 11. cxb4 Be7 12. Bb2 Nf6 13. Nc3 b6 14. Ne5
Ba4+ 15. Ke2 bxc5 16. b5 Nd5 17. Nxa4 Rxa4 18. Nd3 c4 19. Ne5 c3 20. Bc1 Re4+
21. Be3 Rxe5 22. a4 Nxe3 23. fxe3 Bc5 24. Kd3 Bxe3 25. Kxc3 Ke7 26. Rhb1 Rd5
27. a5 Bd4+ 28. Kb4 Bxa1 29. Rxa1 Rb8 30. b6 Rxa5 31. Rxa5 Rxb6+ 32. Kc3 Rd6
33. Ra7+ Kf6 34. Ra2 e5 35. Rf2+ Ke6 36. Rf3 f5 37. Rf2 e4 38. Ra2 e3 39. g3 g5
40. Ra8 Ke5 41. Re8+ Re6 42. Rh8 Ke4 43. Rxh7 Kf3 44. Rf7 e2 45. Rxf5+ Kg4 46.
Rxg5+ Kxg5 0-1

[Event "ENCI Limburg-open A"]
[Site "Maastricht"]
[Date "2008.05.11"]
[Round "5"]
[White "Skrijelj, Redzep"]
[Black "Rose, Dominik"]
[Result "0-1"]
[WhiteElo "2006"]
[BlackElo "2163"]
[PlyCount "64"]
[EventDate "2008.05.09"]
[EventType "swiss"]
[EventRounds "7"]
[EventCountry "NED"]
[Source "P.Boonen"]
[SourceDate "2010.01.01"]

1. d4 f5 2. c4 Nf6 3. g3 g6 4. Bg2 Bg7 5. Nc3 d6 6. Nf3 O-O 7. O-O Qe8 8. d5 a5
9. Nd4 Na6 10. a3 Bd7 11. Rb1 a4 12. Bg5 Nh5 13. Qd2 Nc5 14. e4 f4 15. Bxf4
Nxf4 16. gxf4 Bxd4 17. Qxd4 Rxf4 18. Qe3 Qf8 19. e5 Bg4 20. f3 Bh5 21. Ne4 Nxe4
22. fxe4 dxe5 23. Qc5 Qf6 24. Qxc7 Qg5 25. Qxb7 Raf8 26. Qb6 Bf3 27. Qe6+ Kg7
28. Rxf3 Rxf3 29. c5 Rf2 30. Qh3 R8f3 31. Qxf3 Rxf3 32. c6 Rd3 0-1

[Event "ENCI Limburg-open A"]
[Site "Maastricht"]
[Date "2008.05.11"]
[Round "5"]
[White "Smith, Thijmen"]
[Black "Clijsen, Mark"]
[Result "0-1"]
[WhiteElo "1934"]
[BlackElo "2122"]
[PlyCount "50"]
[EventDate "2008.05.09"]
[EventType "swiss"]
[EventRounds "7"]
[EventCountry "NED"]
[Source "P.Boonen"]
[SourceDate "2010.01.01"]

1. e4 e6 2. d4 d5 3. exd5 exd5 4. c4 Nf6 5. Nc3 Be7 6. Nf3 O-O 7. Be2 dxc4 8.
Bxc4 Bg4 9. O-O Nc6 10. d5 Ne5 11. Be2 Bxf3 12. Bxf3 Bb4 13. Bg5 Bxc3 14. bxc3
Nxf3+ 15. Qxf3 Qxd5 16. Qxd5 Nxd5 17. Rab1 b6 18. c4 Nc3 19. Rb2 Rfe8 20. f3 f6
21. Bd2 Na4 22. Rbb1 Rad8 23. Bf4 Nc3 24. Bxc7 Nxb1 25. Bxd8 Nd2 0-1

[Event "ENCI Limburg-open A"]
[Site "Maastricht"]
[Date "2008.05.11"]
[Round "5"]
[White "Smits, Benjamin"]
[Black "Haverkamp, Klaus"]
[Result "1/2-1/2"]
[WhiteElo "1798"]
[BlackElo "2018"]
[PlyCount "85"]
[EventDate "2008.05.09"]
[EventType "swiss"]
[EventRounds "7"]
[EventCountry "NED"]
[Source "P.Boonen"]
[SourceDate "2010.01.01"]

1. e4 e5 2. Nf3 Nc6 3. Bb5 a6 4. Bxc6 dxc6 5. O-O Qd6 6. Na3 b5 7. c3 c5 8. Nc2
Bg4 9. Ne3 Bd7 10. Re1 g6 11. b3 Bg7 12. Ba3 b4 13. Nc4 Qe7 14. Bb2 f6 15. d4
Rd8 16. dxe5 fxe5 17. Qc2 Nh6 18. Ncxe5 Ng4 19. Nxd7 Rxd7 20. cxb4 cxb4 21.
Bxg7 Qxg7 22. h3 Ne5 23. Nxe5 Qxe5 24. Qc6 Ke7 25. Qxa6 Rhd8 26. Rac1 Rd2 27.
Qb7 R8d7 28. Qxb4+ Ke8 29. Rc5 Qf4 30. Rf1 Rxf2 31. Rcc1 Rxg2+ 32. Kxg2 Rd2+
33. Qxd2 Qxd2+ 34. Kh1 Qe3 35. Kh2 Qd2+ 36. Kh1 Qe3 37. Kh2 Qd2+ 38. Kh1 Qd3
39. Kh2 Qe2+ 40. Kh1 Qxa2 41. Rxc7 Qxb3 42. Rxh7 Qe3 43. Rhf7 1/2-1/2

[Event "ENCI Limburg-open A"]
[Site "Maastricht"]
[Date "2008.05.11"]
[Round "5"]
[White "Soors, Stef"]
[Black "Peek, Maurice"]
[Result "1/2-1/2"]
[WhiteElo "2170"]
[BlackElo "2405"]
[PlyCount "57"]
[EventDate "2008.05.09"]
[EventType "swiss"]
[EventRounds "7"]
[EventCountry "NED"]
[Source "P.Boonen"]
[SourceDate "2010.01.01"]

1. d4 Nc6 2. Nf3 d6 3. e4 Nf6 4. Nc3 Bg4 5. Be3 a6 6. h3 Bh5 7. a3 e6 8. Bd3 d5
9. e5 Nd7 10. O-O Be7 11. Be2 Na5 12. Nd2 Bxe2 13. Nxe2 c5 14. c3 cxd4 15. Bxd4
Nc6 16. g4 f6 17. Nf3 fxe5 18. Nxe5 O-O 19. Nxd7 Qxd7 20. Be3 b5 21. h4 Na5 22.
Bd4 b4 23. Ng3 Nc6 24. Be3 bxc3 25. bxc3 Bf6 26. Qd3 g6 27. Ne4 Qe7 28. Nxf6+
Qxf6 29. Rab1 1/2-1/2

[Event "ENCI Limburg-open A"]
[Site "Maastricht"]
[Date "2008.05.11"]
[Round "5"]
[White "Sprangers, Remco"]
[Black "Scholzen, Wolfgang"]
[Result "1-0"]
[WhiteElo "2211"]
[BlackElo "2000"]
[PlyCount "139"]
[EventDate "2008.05.09"]
[EventType "swiss"]
[EventRounds "7"]
[EventCountry "NED"]
[Source "P.Boonen"]
[SourceDate "2010.01.01"]

1. e4 e5 2. Nf3 Nc6 3. Bb5 a6 4. Ba4 Nf6 5. O-O b5 6. Bb3 Be7 7. Re1 d6 8. c3
O-O 9. h3 Na5 10. Bc2 c5 11. d4 Qc7 12. Nbd2 Bb7 13. d5 Bc8 14. b3 Bd7 15. Nf1
Nb7 16. N3h2 c4 17. b4 a5 18. a3 axb4 19. cxb4 h6 20. f4 Nh7 21. f5 Qd8 22. Nf3
Bg5 23. Nxg5 Nxg5 24. Nh2 f6 25. Be3 Kh7 26. h4 Nf7 27. g4 Rg8 28. Kf2 g5 29.
Nf3 Kg7 30. Rh1 Rh8 31. Qd2 Qe7 32. Rh2 Qd8 33. Qc3 Qc7 34. Rah1 Rag8 35. Nd2
Ra8 36. Nf1 Rag8 37. Bd1 Kf8 38. Ke1 Ke7 39. Rh3 Qc8 40. R1h2 Qa8 41. Bg1 Qf8
42. Qf3 h5 43. Qe3 hxg4 44. Bxg4 gxh4 45. Rxh4 Rxh4 46. Rxh4 Qg7 47. Nh2 Qg5
48. Nf3 Qxe3+ 49. Bxe3 Rh8 50. Bh5 Nfd8 51. Bf2 Nf7 52. Bxf7 Rxh4 53. Bxh4 Kxf7
54. Nh2 Nd8 55. Ng4 Kf8 56. Nxf6 Bc8 57. Nh7+ Kg7 58. Bxd8 Kxh7 59. Bc7 Kg7 60.
Bxd6 Kf6 61. Bc5 Bd7 62. Bf2 Be8 63. Bh4+ Kg7 64. Kd2 Bh5 65. Kc3 Kf7 66. d6
Ke8 67. a4 bxa4 68. Kxc4 Be2+ 69. Kd5 a3 70. Bf6 1-0

[Event "ENCI Limburg-open A"]
[Site "Maastricht"]
[Date "2008.05.11"]
[Round "5"]
[White "Springelkamp, Henriet"]
[Black "Huppertz, Andrea"]
[Result "1-0"]
[WhiteElo "1980"]
[BlackElo "1839"]
[PlyCount "75"]
[EventDate "2008.05.09"]
[EventType "swiss"]
[EventRounds "7"]
[EventCountry "NED"]
[Source "P.Boonen"]
[SourceDate "2010.01.01"]

1. e4 c5 2. Nc3 d6 3. g3 Nc6 4. Bg2 g6 5. d3 Bg7 6. Be3 Nf6 7. h3 a6 8. f4 e6
9. Nf3 Nd7 10. Qd2 f5 11. exf5 gxf5 12. Bf2 Qb6 13. Nd1 Nf6 14. c3 Qc7 15. Qe2
Qe7 16. Ne3 e5 17. fxe5 dxe5 18. Nh4 f4 19. Nef5 Qc7 20. Nxg7+ Qxg7 21. Bxc6+
bxc6 22. Qxe5+ Qe7 23. Qxe7+ Kxe7 24. Bxc5+ Kf7 25. gxf4 Be6 26. Bd4 Rhe8 27.
Kd2 Nh5 28. f5 Bd5 29. Rhf1 Rad8 30. Nf3 Ng3 31. Ng5+ Kg8 32. Rf2 h6 33. Rg1
hxg5 34. Rxg3 Kf7 35. Rxg5 Bxa2 36. Rg7+ Kf8 37. Rfg2 Re7 38. Bc5 1-0

[Event "ENCI Limburg-open A"]
[Site "Maastricht"]
[Date "2008.05.11"]
[Round "5"]
[White "Swijsen, Lars"]
[Black "Rademakers, Evert"]
[Result "0-1"]
[WhiteElo "1875"]
[BlackElo "2092"]
[PlyCount "70"]
[EventDate "2008.05.09"]
[EventType "swiss"]
[EventRounds "7"]
[EventCountry "NED"]
[Source "P.Boonen"]
[SourceDate "2010.01.01"]

1. c4 Nf6 2. d4 g6 3. Nc3 Bg7 4. e4 d6 5. Nge2 O-O 6. Ng3 e5 7. d5 a5 8. h4 Na6
9. Be2 Nc5 10. h5 Nfd7 11. Be3 a4 12. Qd2 c6 13. Bh6 Bf6 14. dxc6 bxc6 15. Bxf8
Nxf8 16. Rd1 Be7 17. hxg6 fxg6 18. Nf1 Rb8 19. Rb1 Bg5 20. Ne3 Nfe6 21. g3 Nd4
22. Qd1 Qa5 23. Kf1 a3 24. bxa3 Bb7 25. Qc1 Rf8 26. Kg2 Nxe2 27. Nxe2 Nd3 28.
Rxb7 Rxf2+ 29. Kg1 Bxe3 30. Rb8+ Kg7 31. Rxh7+ Kxh7 32. Rb7+ Kh8 33. Rb8+ Kg7
34. Rb7+ Kf6 35. Qxe3 Qe1# 0-1

[Event "ENCI Limburg-open A"]
[Site "Maastricht"]
[Date "2008.05.11"]
[Round "5"]
[White "Swinkels, Robin"]
[Black "Epishin, Vladimir"]
[Result "1-0"]
[WhiteElo "2448"]
[BlackElo "2566"]
[PlyCount "59"]
[EventDate "2008.05.09"]
[EventType "swiss"]
[EventRounds "7"]
[EventCountry "NED"]
[Source "P.Boonen"]
[SourceDate "2010.01.01"]

1. e4 c5 2. Nf3 a6 3. c4 Nc6 4. d4 cxd4 5. Nxd4 e6 6. a3 Nxd4 7. Qxd4 Ne7 8.
Be3 Nc6 9. Qb6 Qf6 10. Nc3 Be7 11. Be2 O-O 12. O-O Bd8 13. Qb3 b6 14. Rad1 Rb8
15. f4 Qe7 16. e5 Bb7 17. Bf3 Bc7 18. Ne4 f6 19. c5 b5 20. exf6 gxf6 21. Nd6
Ba8 22. Qc3 f5 23. b4 Rf6 24. Bc1 h5 25. Bxh5 Rh6 26. Bf7+ Kh7 27. Bb2 Qf8 28.
Nxf5 exf5 29. Rxd7 Rd8 30. Bg6+ 1-0

[Event "ENCI Limburg-open A"]
[Site "Maastricht"]
[Date "2008.05.11"]
[Round "5"]
[White "Tempelman, Kristianne"]
[Black "Severens, Lars"]
[Result "0-1"]
[WhiteElo "1896"]
[BlackElo "2169"]
[PlyCount "76"]
[EventDate "2008.05.09"]
[EventType "swiss"]
[EventRounds "7"]
[EventCountry "NED"]
[Source "P.Boonen"]
[SourceDate "2010.01.01"]

1. d4 d5 2. c4 c6 3. Nc3 Nf6 4. Nf3 dxc4 5. a4 Bf5 6. e3 e6 7. Bxc4 Bb4 8. O-O
Nbd7 9. Qe2 O-O 10. Bd2 Bg6 11. Rac1 Qe7 12. Rfd1 Rad8 13. Be1 Rfe8 14. Bb3 a5
15. Bc2 Bh5 16. e4 e5 17. d5 Nc5 18. Qe3 Na6 19. dxc6 Bxf3 20. Qxf3 bxc6 21.
Bd2 h6 22. Qg3 Kh8 23. Qh4 Nc5 24. g4 Nh7 25. Qg3 Rd6 26. Be3 Nb7 27. Bb3 Red8
28. Rxd6 Nxd6 29. f3 Nb7 30. Rc2 Rd3 31. Kf2 Bc5 32. Bxc5 Qxc5+ 33. Kg2 Ng5 34.
Rf2 Nd6 35. h4 Ngxe4 36. Nxe4 Nxe4 37. Rc2 Qxc2+ 38. Bxc2 Rd2+ 0-1

[Event "ENCI Limburg-open A"]
[Site "Maastricht"]
[Date "2008.05.11"]
[Round "5"]
[White "Van Beek, Alexander"]
[Black "Konijn, Rob"]
[Result "1-0"]
[WhiteElo "2343"]
[BlackElo "2124"]
[PlyCount "51"]
[EventDate "2008.05.09"]
[EventType "swiss"]
[EventRounds "7"]
[EventCountry "NED"]
[Source "P.Boonen"]
[SourceDate "2010.01.01"]

1. e4 e5 2. Nf3 Nc6 3. Bc4 Bc5 4. c3 Nf6 5. d3 d6 6. Nbd2 a6 7. Bb3 O-O 8. Nf1
Be6 9. Ng3 h6 10. O-O d5 11. d4 exd4 12. e5 Ne4 13. cxd4 Nxg3 14. fxg3 Bb6 15.
Be3 Bg4 16. Qd3 Qd7 17. Nh4 Rae8 18. Kh1 Bh5 19. Bc2 g6 20. a3 Kg7 21. h3 Qe7
22. Rf6 Nxe5 23. dxe5 Qxe5 24. Bxb6 cxb6 25. Rxb6 Be2 26. Rxg6+ 1-0

[Event "ENCI Limburg-open A"]
[Site "Maastricht"]
[Date "2008.05.11"]
[Round "5"]
[White "Van Eijndhoven, Erik"]
[Black "Mol, Christiaan"]
[Result "1/2-1/2"]
[WhiteElo "2158"]
[BlackElo "2007"]
[PlyCount "41"]
[EventDate "2008.05.09"]
[EventType "swiss"]
[EventRounds "7"]
[EventCountry "NED"]
[Source "P.Boonen"]
[SourceDate "2010.01.01"]

1. e3 e5 2. c4 Nf6 3. Nc3 d6 4. g3 c6 5. Bg2 Bf5 6. d3 Na6 7. Nge2 Qd7 8. h3 h5
9. Rb1 d5 10. e4 dxe4 11. dxe4 Qxd1+ 12. Kxd1 Be6 13. b3 O-O-O+ 14. Bd2 Nb4 15.
Rf1 Bc5 16. Na4 Rxd2+ 17. Kxd2 Rd8+ 18. Kc1 Bxf2 19. Rd1 Be3+ 20. Kb2 Nd3+ 21.
Kc2 1/2-1/2

[Event "ENCI Limburg-open A"]
[Site "Maastricht"]
[Date "2008.05.11"]
[Round "5"]
[White "Van Onzen, Jeroen"]
[Black "Aben, Paul"]
[Result "1-0"]
[WhiteElo "2142"]
[BlackElo "1939"]
[PlyCount "60"]
[EventDate "2008.05.09"]
[EventType "swiss"]
[EventRounds "7"]
[EventCountry "NED"]
[Source "P.Boonen"]
[SourceDate "2010.01.01"]

1. e4 c6 2. d4 d5 3. c4 dxe4 4. Nc3 Nf6 5. Nge2 e5 6. dxe5 Qxd1+ 7. Nxd1 Ng4 8.
Bf4 Nd7 9. Nec3 Ngxe5 10. Nxe4 f5 11. Nec3 Be7 12. h4 Bf6 13. Ne3 Nc5 14. O-O-O
Be6 15. Bg5 Bxg5 16. hxg5 f4 17. Nc2 Rd8 18. Nd4 Bxc4 19. Re1 O-O 20. Rxe5 Bxf1
21. Rxc5 Bxg2 22. Rd1 Rd6 23. Rf5 Rxf5 24. Nxf5 Rxd1+ 25. Kxd1 c5 26. Nh4 Bc6
27. Ne2 f3 28. Ng1 Kf7 29. Ngxf3 Bxf3+ 30. Nxf3 Kg6 1-0

[Event "ENCI Limburg-open A"]
[Site "Maastricht"]
[Date "2008.05.11"]
[Round "5"]
[White "Van Oosterom, Chiel"]
[Black "Beeke, Bobby"]
[Result "1-0"]
[WhiteElo "2399"]
[BlackElo "2188"]
[PlyCount "39"]
[EventDate "2008.05.09"]
[EventType "swiss"]
[EventRounds "7"]
[EventCountry "NED"]
[Source "P.Boonen"]
[SourceDate "2010.01.01"]

1. e4 c5 2. c3 Nf6 3. e5 Nd5 4. Nf3 e6 5. d4 cxd4 6. cxd4 d6 7. Bc4 Nb6 8. Bd3
Bd7 9. Nc3 Bc6 10. O-O dxe5 11. dxe5 N8d7 12. Qe2 a6 13. Rd1 Nd5 14. Nxd5 Bxd5
15. Be4 Bxe4 16. Qxe4 Qc7 17. Be3 Rd8 18. Rac1 Qb8 19. Qa4 b5 20. Qxa6 1-0

[Event "ENCI Limburg-open A"]
[Site "Maastricht"]
[Date "2008.05.11"]
[Round "5"]
[White "Van den Berg, Bram"]
[Black "Picard, Romain"]
[Result "1/2-1/2"]
[WhiteElo "2200"]
[BlackElo "2368"]
[PlyCount "57"]
[EventDate "2008.05.09"]
[EventType "swiss"]
[EventRounds "7"]
[EventCountry "NED"]
[Source "P.Boonen"]
[SourceDate "2010.01.01"]

1. e4 e5 2. Nf3 d6 3. Bc4 Nf6 4. Nc3 Be7 5. d4 exd4 6. Nxd4 O-O 7. O-O Re8 8.
f4 Bf8 9. Bd3 c6 10. Kh1 b5 11. e5 Ng4 12. e6 Nf6 13. exf7+ Kxf7 14. Nf3 Kg8
15. Ng5 Na6 16. Nce4 Bf5 17. Ng3 Bxd3 18. cxd3 h6 19. N5e4 Nc5 20. Nxf6+ Qxf6
21. f5 Qf7 22. b4 Na4 23. Qg4 Kh7 24. h4 Be7 25. Be3 Bf6 26. Bd4 Re7 27. Bxf6
Qxf6 28. Qg6+ Qxg6 29. fxg6+ 1/2-1/2

[Event "ENCI Limburg-open A"]
[Site "Maastricht"]
[Date "2008.05.11"]
[Round "5"]
[White "Van der Velden, Bram"]
[Black "Lafosse, Jimmy"]
[Result "1-0"]
[WhiteElo "2196"]
[BlackElo "1956"]
[PlyCount "79"]
[EventDate "2008.05.09"]
[EventType "swiss"]
[EventRounds "7"]
[EventCountry "NED"]
[Source "P.Boonen"]
[SourceDate "2010.01.01"]

1. d4 d5 2. c4 e5 3. dxe5 d4 4. a3 Nc6 5. e3 Nge7 6. f4 Nf5 7. Nf3 dxe3 8.
Qxd8+ Kxd8 9. Bd3 Na5 10. Nc3 Nb3 11. Rb1 Bc5 12. Ng5 Nh6 13. Nge4 Ng4 14. Bc2
Nd4 15. Bd1 Nf2 16. Nxc5 Nxh1 17. Bxe3 Nf5 18. Bg1 Nh4 19. Kf1 b6 20. N5e4 Be6
21. Be2 c6 22. Ng5 Ke7 23. Nxe6 fxe6 24. g3 Nf5 25. Kg2 Nhxg3 26. hxg3 Rad8 27.
Ne4 h5 28. Bf2 Nd4 29. Bxd4 Rxd4 30. Kf3 h4 31. Rh1 h3 32. Ke3 c5 33. Rh2 a5
34. a4 g6 35. b3 Rdd8 36. Ng5 Rc8 37. Bg4 Rc6 38. Rxh3 Rxh3 39. Bxh3 Kd7 40.
Bxe6+ 1-0

[Event "ENCI Limburg-open A"]
[Site "Maastricht"]
[Date "2008.05.11"]
[Round "5"]
[White "Vogel, Jaap"]
[Black "Tate, Emory"]
[Result "0-1"]
[WhiteElo "2254"]
[BlackElo "2378"]
[PlyCount "50"]
[EventDate "2008.05.09"]
[EventType "swiss"]
[EventRounds "7"]
[EventCountry "NED"]
[Source "P.Boonen"]
[SourceDate "2010.01.01"]

1. Nf3 c5 2. g3 Nc6 3. Bg2 e5 4. c4 e4 5. Nh4 Ne5 6. Qc2 Nf6 7. Bxe4 Nxc4 8.
Bg2 d5 9. O-O Be6 10. b3 Ne5 11. f4 Nc6 12. f5 Bd7 13. Bb2 Be7 14. a3 d4 15. e4
Ne5 16. Nf3 Nfg4 17. h3 Nxf3+ 18. Bxf3 Ne5 19. d3 Bb5 20. Be2 Qd6 21. Kg2 Qa6
22. Rd1 g6 23. a4 Bd7 24. Bc1 gxf5 25. Bf4 Ng6 0-1